000
00221 a2200097 4500
001
17884
100
_a
Levi, & Panzer
245
_a
Electromechanical power conversion
260
_a
_b
Mcgraw Hill
_c
090
_c
13205
_d
13205
942
_a
NUST-CAE
_c
M
_c
3565
999
_c
252957
_d
252957